| 000 | 00693nam0a22002531 4500 | ||
|---|---|---|---|
| 001 | rc\440025 | ||
| 005 | 20030616171143.0 | ||
| 010 |
_a5-10-000010-4 _91050 |
||
| 035 | _a(NLR Aleph) 005686270 | ||
| 090 |
_a7127554 _c7127554 |
||
| 100 | _a20030616d1988 u |0rusy50 ca | ||
| 101 | 0 | _arus | |
| 102 | _aRU | ||
| 105 | _aa ||||||||| | ||
| 200 | 1 | _aЛюцерна | |
| 210 |
_aМ. _cАгропромиздат _d1988 |
||
| 215 |
_a255, [1] с. _cил. _d22 |
||
| 320 | _aБиблиогр.: с. 244-254 | ||
| 700 | 1 |
_aЛупашку _bМ. Ф. _gМихаил Феодосьевич |
|
| 801 | 0 |
_aRU _bNLR _gpsbo |
|
| 801 | 1 |
_aRU _bELAR _2rusmarc |
|
| 852 |
_aNLR _j88-5/1051 |
||
| 942 | _cBOOK | ||
| 980 | _aNB | ||